| 000 | 00611nam a2200241Ia 4500 | ||
|---|---|---|---|
| 001 | Z_3558 | ||
| 003 | CHAP | ||
| 005 | 20221018183249.0 | ||
| 007 | ta | ||
| 008 | 220113s1980 mx 000 0 spa d | ||
| 010 | _a166644 | ||
| 040 | _cCHAP | ||
| 090 | _aR-42 | ||
| 245 | 1 | 0 | _aPérdida de corderos durante la parición |
| 260 |
_aChapingo, Méx. : _bUACH. Departamento de Zootecnia, _c1980 |
||
| 300 | _a11 hojas | ||
| 500 | _aReimpreso de: apuntes de la cátedra de ovinos | ||
| 650 | 1 |
_aGanado lanar _xManejo _9140261 |
|
| 901 | _aR-42 | ||
| 902 | _aA | ||
| 910 | _a1980 | ||
| 942 |
_cREIMP _2local |
||
| 999 |
_c166644 _d166644 |
||